Cẩm nang thiết lập trang web với Frontpage 2000 /
Tìm hiểu về FontPage Explorer; Đại cương về Frontpage 2000; Sử dụng khung cửa sổ View; Sử dụng các lệnh menu.
Salvato in:
| Autore principale: | |
|---|---|
| Natura: | Libro |
| Lingua: | Vietnamese |
| Pubblicazione: |
Tp.HCM :
Thống kê,
2000.
|
| Soggetti: | |
| Tags: |
Aggiungi Tag
Nessun Tag, puoi essere il primo ad aggiungerne! !
|
| Thư viện lưu trữ: | Mạng thư viện Đại học Đà Nẵng |
|---|
| LEADER | 01018cam a2200349 i 4500 | ||
|---|---|---|---|
| 001 | 000042777 | ||
| 003 | 652 | ||
| 005 | 20041028144453.0 | ||
| 008 | 010217b2000 vm 000 vie | ||
| 020 | |c 20000 | ||
| 040 | |a IRC |c IRC |d IRC | ||
| 041 | 0 | |a vie | |
| 082 | 1 | 4 | |a 005.3 |b ĐĂ-H |
| 100 | 1 | |a Đặng Minh Hoàng. | |
| 245 | 1 | 0 | |a Cẩm nang thiết lập trang web với Frontpage 2000 / |c Đặng Minh Hoàng. |
| 260 | |a Tp.HCM : |b Thống kê, |c 2000. | ||
| 300 | |a 221 tr. ; |c 20,5 cm. | ||
| 520 | 3 | |a Tìm hiểu về FontPage Explorer; Đại cương về Frontpage 2000; Sử dụng khung cửa sổ View; Sử dụng các lệnh menu. | |
| 630 | 0 | 4 | |a Tin học. |
| 630 | 0 | 4 | |a FrontPage. |
| 630 | 0 | 4 | |a Computer. |
| 650 | 0 | 4 | |a FrontPage (Phần mềm ứng dụng) |
| OWN | |a DUT | ||
| 999 | |a From the UDN01 | ||
| TYP | |a Monograph | ||
| TYP | |a Printed language | ||
| 980 | |a Mạng thư viện Đại học Đà Nẵng | ||